[Event "International Chess Tournament Paracin 2"]
[Site "Paracin, Serbia"]
[Date "2021.07.10"]
[Round "3.1"]
[White "Sankalp, Gupta"]
[Black "Petrosyan, Manuel"]
[Result "1/2-1/2"]
[WhiteElo "2429"]
[BlackElo "2632"]
[PlyCount "52"]
[EventDate "2021.??.??"]

1. e4 e5 2. Nf3 Nc6 3. Bb5 a6 4. Ba4 Nf6 5. O-O b5 6. Bb3 Bc5 7. c3 d6 8. d4
Bb6 9. a4 Bb7 10. Re1 O-O 11. Bg5 h6 12. axb5 axb5 13. Rxa8 Bxa8 14. Bxf6 Qxf6
15. d5 Ne7 16. Na3 Ng6 17. g3 Bb7 18. Nxb5 Bc8 19. Na3 Bg4 20. Kg2 Nf4+ 21.
gxf4 Qxf4 22. Bc2 f5 23. Qe2 Bh3+ 24. Kh1 Bg4 25. Kg2 Bh3+ 26. Kh1 Bg4 1/2-1/2

[Event "International Chess Tournament Paracin 2"]
[Site "Paracin, Serbia"]
[Date "2021.07.10"]
[Round "3.2"]
[White "Postny, Evgeny"]
[Black "Savic, Miodrag R"]
[Result "1/2-1/2"]
[WhiteElo "2578"]
[BlackElo "2421"]
[PlyCount "40"]
[EventDate "2021.??.??"]

1. d4 Nf6 2. c4 e6 3. g3 d5 4. Bg2 Be7 5. Nf3 O-O 6. Qc2 dxc4 7. Qxc4 a6 8. Qc2
b5 9. Bf4 Nd5 10. Bd2 Bb7 11. O-O Nd7 12. Ba5 Qb8 13. Nc3 Nxc3 14. Bxc3 Nf6 15.
b4 Be4 16. Qb3 Qb7 17. Rac1 a5 18. a3 Nd5 19. bxa5 Nxc3 20. Qxc3 Ra7 1/2-1/2

[Event "International Chess Tournament Paracin 2"]
[Site "Paracin, Serbia"]
[Date "2021.07.10"]
[Round "3.3"]
[White "Agibileg, Uurtsaikh"]
[Black "Annaberdiev, Meilis"]
[Result "1/2-1/2"]
[WhiteElo "2413"]
[BlackElo "2532"]
[PlyCount "120"]
[EventDate "2021.??.??"]

1. d4 d5 2. c4 e6 3. Nc3 a6 4. Nf3 h6 5. Bf4 dxc4 6. e4 b5 7. a4 b4 8. Nb1 Nf6
9. Bxc4 Nxe4 10. d5 Bc5 11. O-O O-O 12. Nbd2 Nxf2 13. Rxf2 exd5 14. Be2 Bxf2+
15. Kxf2 c5 16. Nb3 c4 17. Nbd4 Re8 18. a5 Qf6 19. Bd2 b3 20. Bc3 Qd6 21. Qd2
Re4 22. h3 Bd7 23. Rd1 Ra7 24. Ng1 Rb7 25. Bf3 Re8 26. Nge2 Qc5 27. Nf4 Bf5 28.
Bxd5 Rd7 29. Bb4 Qa7 30. Kg3 Bd3 31. Bc3 Red8 32. Nc6 Nxc6 33. Bxc6 Re7 34. Re1
g5 35. Nd5 Rxd5 36. Bxd5 Qc7+ 37. Kf2 Qc5+ 38. Re3 Re8 39. g4 Kh7 40. Bf3 h5
41. Qe1 h4 42. Bd2 Qd6 43. Kg1 Qd4 44. Kh1 Rxe3 45. Qxe3 Qxb2 46. Qxg5 Qb1+ 47.
Kh2 Qc2 48. Qxh4+ Kg8 49. Qg5+ Kh7 50. Bg2 b2 51. Qh4+ Kg8 52. Qd8+ Kh7 53.
Qh4+ Kg8 54. Qg5+ Kh7 55. Qf6 Qxd2 56. Qxf7+ Kh8 57. Qf8+ Kh7 58. Qf7+ Kh8 59.
Qf8+ Kh7 60. Qf7+ Kh8 1/2-1/2

[Event "International Chess Tournament Paracin 2"]
[Site "Paracin, Serbia"]
[Date "2021.07.10"]
[Round "3.4"]
[White "Budisavljevic, Luka"]
[Black "Babazada, Khazar"]
[Result "1-0"]
[WhiteElo "2509"]
[BlackElo "2409"]
[PlyCount "75"]
[EventDate "2021.??.??"]

1. d4 Nf6 2. c4 e6 3. Nc3 Bb4 4. e3 O-O 5. Bd2 b6 6. Bd3 Bb7 7. Nf3 d6 8. O-O
Nbd7 9. a3 Bxc3 10. Bxc3 Ne4 11. Be1 f5 12. Nd2 Nxd2 13. Qxd2 e5 14. f3 Qe7 15.
Bc2 Rae8 16. Bf2 Qg5 17. d5 Qh5 18. b4 Nf6 19. a4 Kh8 20. a5 Ba6 21. Bd3 Bc8
22. axb6 axb6 23. Ra7 e4 24. Be2 exf3 25. Bxf3 Qf7 26. Bg3 Re7 27. Qd4 c5 28.
Rxe7 Qxe7 29. bxc5 bxc5 30. Qf4 Rd8 31. Rb1 h6 32. h4 Kh7 33. Rb6 Ng4 34. Bxg4
fxg4 35. e4 Qe8 36. Rc6 Bb7 37. Rc7 Bc8 38. Qf6 1-0

[Event "International Chess Tournament Paracin 2"]
[Site "Paracin, Serbia"]
[Date "2021.07.10"]
[Round "3.5"]
[White "Raja, Rithvik R"]
[Black "Sturt, Raven"]
[Result "1/2-1/2"]
[WhiteElo "2408"]
[BlackElo "2500"]
[PlyCount "196"]
[EventDate "2021.??.??"]

1. d4 d5 2. c4 c6 3. Nf3 Nf6 4. e3 e6 5. b3 Ne4 6. Nbd2 Nd7 7. Bd3 f5 8. O-O
Bd6 9. a4 Qe7 10. a5 a6 11. Bb2 O-O 12. Qc1 g5 13. Ba3 g4 14. Bxd6 Nxd6 15. Ne1
Nf6 16. Be2 Bd7 17. Nd3 h5 18. f4 Kg7 19. Ne5 Nde4 20. Nxe4 Nxe4 21. Bd3 Nd6
22. Qa3 Kf6 23. Rfc1 Rfc8 24. Qb4 Rab8 25. Rc2 Nf7 26. Qb6 Nxe5 27. dxe5+ Kf7
28. cxd5 exd5 29. b4 Be6 30. Rac1 h4 31. Qd4 Rd8 32. Rc5 Rd7 33. R5c2 Rh8 34.
Rc5 h3 35. g3 Ra8 36. Qb2 Ke8 37. Rd1 Rad8 38. Bc2 Ra8 39. Rd4 Rad8 40. Qb1 Qf7
41. Qd1 Qe7 42. Qd3 Rc7 43. Qc3 Rcd7 44. Bd3 Ra8 45. Qc2 Qf7 46. Kf2 Ke7 47.
Qc3 Ke8 48. Bc2 Qe7 49. Ba4 Kf7 50. Ke1 Ke8 51. Kf2 Kf7 52. Ke1 Ke8 53. Kf1 Kf7
54. Bc2 Ke8 55. Bd3 Ra7 56. Qc2 Qf7 57. Kg1 Ra8 58. Kf2 Ra7 59. Be2 Ra8 60. Qc3
Ra7 61. Rd2 Ra8 62. Rc2 Qe7 63. Rc1 Kf7 64. Qd4 Ke8 65. Bd3 Kf7 66. Ra1 Rc7 67.
Qc3 Rd7 68. Qc2 Kg6 69. Kg1 Qf7 70. Rd1 Kg7 71. Qc3 Qe7 72. Qd4 Qf7 73. Ra1 Kg8
74. Bc2 Qe7 75. Bb3 Rad8 76. Rac1 Ra8 77. Kf2 Kf7 78. R5c2 Rad8 79. Rd2 Kg7 80.
Ke1 Kf8 81. Qc5 Kf7 82. Qxe7+ Kxe7 83. Rd4 Rc7 84. Rc5 Rb8 85. Bxd5 Bxd5 86.
Rdxd5 b6 87. Rc4 bxa5 88. Rxa5 Rd7 89. Rxa6 Rbd8 90. Rd4 Rxd4 91. exd4 Rxd4 92.
Rxc6 Rxb4 93. Kd2 Rb2+ 94. Rc2 Rb3 95. Rc3 Rb2+ 96. Rc2 Rb3 97. Rc3 Rb2+ 98.
Rc2 Rb3 1/2-1/2

[Event "International Chess Tournament Paracin 2"]
[Site "Paracin, Serbia"]
[Date "2021.07.10"]
[Round "3.6"]
[White "Perez Gormaz, Matias"]
[Black "Raja, Harshit"]
[Result "1-0"]
[WhiteElo "2400"]
[BlackElo "2484"]
[PlyCount "81"]
[EventDate "2021.??.??"]

1. d4 d5 2. c4 c6 3. e3 Nf6 4. Nf3 e6 5. Bd3 Nbd7 6. b3 Bd6 7. Bb2 Ne4 8. Nfd2
f5 9. O-O h5 10. f4 Ndf6 11. Nc3 Ng4 12. Qe1 Bd7 13. Nf3 Rg8 14. h3 Nh6 15. Be2
g5 16. Nxe4 fxe4 17. Ne5 g4 18. hxg4 hxg4 19. g3 Nf5 20. Qf2 Qe7 21. Kg2 O-O-O
22. Rh1 Bxe5 23. dxe5 c5 24. cxd5 exd5 25. e6 Bc6 26. Rh5 Qxe6 27. Rc1 b6 28.
Be5 Kb7 29. b4 d4 30. bxc5 Nxe3+ 31. Kg1 Nf5 32. Bc4 Qg6 33. Qh2 Rge8 34. cxb6
e3 35. bxa7 Kxa7 36. Rh7+ Re7 37. Qb2 Bb7 38. Rxe7 Nxe7 39. Qa3+ Kb6 40. Qb4+
Ka7 41. Qa5+ 1-0

[Event "International Chess Tournament Paracin 2"]
[Site "Paracin, Serbia"]
[Date "2021.07.10"]
[Round "3.7"]
[White "Nikitenko, Mihail"]
[Black "Sargsyan, Anna M"]
[Result "0-1"]
[WhiteElo "2472"]
[BlackElo "2397"]
[PlyCount "84"]
[EventDate "2021.??.??"]

1. e4 e5 2. Bc4 Nf6 3. d3 Bc5 4. Nc3 c6 5. Nf3 d6 6. Bg5 h6 7. Bh4 Nbd7 8. O-O
Nf8 9. d4 exd4 10. Nxd4 Ng6 11. Bg3 O-O 12. Nb3 Bb4 13. Qd4 Qb6 14. Rad1 Re8
15. f3 Ne5 16. Be2 d5 17. Na4 Qxd4+ 18. Rxd4 Bf8 19. f4 Nc4 20. e5 Ng4 21. Bxg4
Bxg4 22. f5 Ne3 23. Bf2 Nxf1 24. Rxg4 Nxh2 25. Kxh2 Rxe5 26. f6 g6 27. Nc3 Rf5
28. Bc5 b6 29. Be7 Bxe7 30. fxe7 Re8 31. Nd4 Rf6 32. b4 b5 33. Nb1 Rxe7 34. Nd2
h5 35. Rg3 Rf4 36. Rd3 Rg4 37. N2b3 Re1 38. Na5 Rf1 39. Naxc6 f5 40. Ne5 Rh4+
41. Kg3 g5 42. Ne6 Rhh1 0-1

[Event "International Chess Tournament Paracin 2"]
[Site "Paracin, Serbia"]
[Date "2021.07.10"]
[Round "3.8"]
[White "Pikula, Dejan"]
[Black "Gavrilescu, David"]
[Result "1/2-1/2"]
[WhiteElo "2384"]
[BlackElo "2470"]
[PlyCount "83"]
[EventDate "2021.??.??"]

1. e4 c5 2. Nf3 a6 3. c4 e6 4. Nc3 Qc7 5. d4 cxd4 6. Nxd4 Nf6 7. a3 b6 8. Be2
Bb7 9. f3 Be7 10. Be3 O-O 11. Rc1 d6 12. O-O Rc8 13. Qd2 Nbd7 14. b4 Qd8 15.
Nb3 Rab8 16. Rfd1 Ne5 17. Na4 Nfd7 18. Nb2 Ba8 19. Kh1 h6 20. Bf1 Qf8 21. Nd4
g5 22. Nc2 Qg7 23. Bd4 Bf6 24. Ne3 Rd8 25. Bc3 h5 26. Nd3 Nxd3 27. Bxd3 Ne5 28.
Be2 Qh6 29. Rf1 Kg7 30. Rf2 Ng6 31. Bxf6+ Kxf6 32. Qc3+ Ne5 33. h4 Ke7 34. c5
bxc5 35. bxc5 Qf6 36. cxd6+ Rxd6 37. hxg5 Qf4 38. Kg1 Rbd8 39. Bf1 h4 40. Nc4
Nxc4 41. Qxc4 Qxg5 42. Qc5 1/2-1/2

[Event "International Chess Tournament Paracin 2"]
[Site "Paracin, Serbia"]
[Date "2021.07.10"]
[Round "3.9"]
[White "Gharibyan, Mamikon"]
[Black "Yankelevich, Lev"]
[Result "1/2-1/2"]
[WhiteElo "2464"]
[BlackElo "2389"]
[PlyCount "80"]
[EventDate "2021.??.??"]

1. d4 Nf6 2. c4 g6 3. Nc3 Bg7 4. e4 d6 5. Be2 O-O 6. Be3 e5 7. d5 Na6 8. g4 Nc5
9. f3 h5 10. g5 Nh7 11. h4 f6 12. Qd2 fxg5 13. hxg5 Rf4 14. Bxf4 exf4 15. Qxf4
Nxg5 16. Qe3 Qe7 17. O-O-O Bd7 18. Rh2 Rf8 19. Rg2 Be5 20. Kc2 Bf4 21. Qf2 Kh7
22. Bd3 Nf7 23. Nge2 Ne5 24. Nxf4 Rxf4 25. Be2 Qf6 26. Qd4 a5 27. Rh1 Be8 28.
Rg3 a4 29. Nd1 Bd7 30. Nf2 Kg7 31. Rxh5 Nxf3 32. Qxf6+ Kxf6 33. Rxf3 Rxf3 34.
Bxf3 gxh5 35. Bxh5 Kg5 36. Bd1 Kf4 37. Nd3+ Kxe4 38. Nxc5+ dxc5 39. Kc3 b5 40.
a3 Ke5 1/2-1/2

[Event "International Chess Tournament Paracin 2"]
[Site "Paracin, Serbia"]
[Date "2021.07.10"]
[Round "3.10"]
[White "Nugumanov, Bakhtiyar"]
[Black "Bryakin, Mikhail"]
[Result "0-1"]
[WhiteElo "2375"]
[BlackElo "2463"]
[PlyCount "94"]
[EventDate "2021.??.??"]

1. d4 Nf6 2. Nf3 d5 3. c4 e6 4. g3 Bb4+ 5. Bd2 Be7 6. Bg2 O-O 7. O-O Nbd7 8.
Qc2 c6 9. Bf4 b6 10. Rd1 Ba6 11. b3 Rc8 12. Nc3 Nh5 13. Bc1 Nhf6 14. e4 Bb7 15.
Bg5 h6 16. Bf4 Bb4 17. e5 Bxc3 18. Qxc3 Ne4 19. Qe1 Qe7 20. h4 c5 21. cxd5 exd5
22. Rac1 f6 23. exf6 Rxf6 24. Nd2 Re8 25. Nxe4 dxe4 26. d5 Rf5 27. d6 Qf7 28.
Bh3 Rf6 29. Qe3 Bc6 30. Bf1 Kh7 31. Bc4 Qh5 32. Qe2 Qf5 33. Rd2 Nf8 34. h5 g5
35. Be3 Nd7 36. g4 Qe5 37. Rcd1 Rf3 38. Qf1 Rd8 39. Qg2 Rf6 40. Qh2 Qc3 41. Bd5
Ne5 42. Qxe5 Qxe5 43. Bxc6 Qe6 44. Kf1 Qxg4 45. Rd5 Qh3+ 46. Ke1 Qxh5 47. Re5
Qxd1+ 0-1

[Event "International Chess Tournament Paracin 2"]
[Site "Paracin, Serbia"]
[Date "2021.07.10"]
[Round "3.11"]
[White "Muradli, Mahammad"]
[Black "Vatsal, Singhania"]
[Result "1-0"]
[WhiteElo "2461"]
[BlackElo "2371"]
[PlyCount "71"]
[EventDate "2021.??.??"]

1. c4 e6 2. Nc3 d5 3. d4 Be7 4. Nf3 Nf6 5. Bf4 O-O 6. e3 Nbd7 7. Be2 dxc4 8.
O-O a6 9. a4 c5 10. d5 exd5 11. Nxd5 Nxd5 12. Qxd5 Nf6 13. Qe5 Be6 14. Ng5 Qc8
15. Nxe6 Qxe6 16. Qxe6 fxe6 17. Bxc4 Nd5 18. Bg3 Kf7 19. a5 Rfd8 20. Rad1 Rac8
21. Rd3 Nb4 22. Rxd8 Rxd8 23. f4 Nd5 24. Rf3 Bf6 25. f5 Ke7 26. e4 Bd4+ 27. Kh1
Ne3 28. Bxe6 Ng4 29. h3 Ne5 30. Rb3 Rb8 31. Bd5 c4 32. Bxc4 Kd6 33. Bxa6 Rc8
34. Rd3 Rc1+ 35. Kh2 Kc5 36. b4+ 1-0

[Event "International Chess Tournament Paracin 2"]
[Site "Paracin, Serbia"]
[Date "2021.07.10"]
[Round "3.12"]
[White "Ahmadzada, Ahmad"]
[Black "Gurel, Ediz"]
[Result "1-0"]
[WhiteElo "2431"]
[BlackElo "2346"]
[PlyCount "77"]
[EventDate "2021.??.??"]

1. d4 Nf6 2. Nf3 e6 3. Bf4 b6 4. e3 Bb7 5. Bd3 Be7 6. h3 O-O 7. O-O c5 8. c3
Nc6 9. Nbd2 d6 10. Qe2 Re8 11. Bh2 Bf8 12. e4 e5 13. d5 Nb8 14. a4 a6 15. b4
Nbd7 16. Rfb1 g6 17. a5 b5 18. c4 bxc4 19. Nxc4 cxb4 20. Rxb4 Nc5 21. Rab1 Bxd5
22. exd5 Nxd5 23. Bc2 Nxb4 24. Rxb4 Rb8 25. Nb6 Bg7 26. Qc4 Bf8 27. Qd5 Qc7 28.
Bg3 Qb7 29. Qc4 Kg7 30. Nd5 Qc8 31. Rxb8 Qxb8 32. Bh4 Qb5 33. Qc3 Qe2 34. Bg5
Rc8 35. Be3 f6 36. g4 Re8 37. Kg2 Be7 38. Nc7 Rc8 39. Ng1 1-0

[Event "International Chess Tournament Paracin 2"]
[Site "Paracin, Serbia"]
[Date "2021.07.10"]
[Round "3.13"]
[White "Safarli, Eltaj"]
[Black "Kamalidenova, Meruert"]
[Result "1-0"]
[WhiteElo "2604"]
[BlackElo "2334"]
[PlyCount "123"]
[EventDate "2021.??.??"]

1. e4 c5 2. Nf3 Nc6 3. Bb5 g6 4. Bxc6 dxc6 5. d3 Bg7 6. h3 Nf6 7. Nc3 Nd7 8.
Be3 e5 9. Qd2 h6 10. O-O b6 11. a3 a5 12. Na4 Qc7 13. c3 Ba6 14. b4 axb4 15.
axb4 cxb4 16. cxb4 h5 17. Rfc1 O-O 18. d4 Bb5 19. Nc3 Rxa1 20. Rxa1 exd4 21.
Bxd4 Ne5 22. Nxe5 Bxe5 23. Rd1 Bc4 24. Bxe5 Qxe5 25. f4 Qe6 26. Qd4 Bb3 27. Rd2
b5 28. e5 Ra8 29. Ne4 Qc4 30. Qxc4 bxc4 31. g4 Rb8 32. Rd4 hxg4 33. hxg4 Kg7
34. Kf2 Rxb4 35. Ke3 Rb8 36. f5 gxf5 37. gxf5 Rh8 38. Rd7 Rh3+ 39. Kd2 Rd3+ 40.
Rxd3 cxd3 41. Kxd3 Kf8 42. f6 Ke8 43. Nc5 Bd5 44. Kc3 Kf8 45. Kb4 Kg8 46. Ka5
Kh7 47. Kb6 Kg6 48. Kc7 Kf5 49. Kd6 Bc4 50. Nb7 Ba2 51. Nd8 Bd5 52. Nb7 Ba2 53.
Nc5 Bc4 54. Nd7 Be6 55. Kxc6 Bb3 56. Kd6 Ba2 57. Nb6 Be6 58. Nd5 Ke4 59. Nc7
Bb3 60. e6 Kf5 61. e7 Ba4 62. e8=Q 1-0

[Event "International Chess Tournament Paracin 2"]
[Site "Paracin, Serbia"]
[Date "2021.07.10"]
[Round "3.14"]
[White "Samadov, Read"]
[Black "Puranik, Abhimanyu"]
[Result "1/2-1/2"]
[WhiteElo "2332"]
[BlackElo "2589"]
[PlyCount "85"]
[EventDate "2021.??.??"]

1. d4 Nf6 2. c4 c5 3. d5 b5 4. Qc2 bxc4 5. e4 d6 6. Bxc4 g6 7. Nf3 Bg7 8. O-O
O-O 9. Rd1 Nfd7 10. Be2 Ne5 11. Nxe5 Bxe5 12. Bh6 Re8 13. Nd2 Nd7 14. Nf3 Bh8
15. Bd2 Ne5 16. Ne1 Qb6 17. Bc3 Rb8 18. Rab1 Ba6 19. f4 Bxe2 20. Qxe2 Nd7 21.
e5 Qb5 22. Qe3 Nb6 23. e6 Rf8 24. exf7+ Rxf7 25. Nf3 Bf6 26. f5 Qd7 27. fxg6
hxg6 28. h3 Qf5 29. Bxf6 Qxf6 30. b4 c4 31. Rd4 c3 32. Rc1 Rc8 33. Ng5 Nc4 34.
Rxc4 Rxc4 35. Nxf7 Qxf7 36. Rxc3 Rxc3 37. Qxc3 Qxd5 38. Qe3 Qxa2 39. Qxe7 Qb1+
40. Kf2 Qxb4 41. Qe8+ Kg7 42. Qe7+ Kh6 43. Qf8+ 1/2-1/2

[Event "International Chess Tournament Paracin 2"]
[Site "Paracin, Serbia"]
[Date "2021.07.10"]
[Round "3.16"]
[White "Ozenir, Ekin Baris"]
[Black "Aleksandrov, Aleksej"]
[Result "0-1"]
[WhiteElo "2331"]
[BlackElo "2535"]
[PlyCount "134"]
[EventDate "2021.??.??"]

1. Nf3 Nf6 2. c4 e6 3. b3 Be7 4. Bb2 b6 5. Nc3 Bb7 6. e3 O-O 7. d4 Ne4 8. Nxe4
Bxe4 9. Nd2 Bb7 10. Bd3 f5 11. O-O c5 12. e4 cxd4 13. Bxd4 Nc6 14. Bb2 Bf6 15.
Qb1 Nd4 16. f4 d6 17. Qe1 Nc2 18. Bxc2 Bxb2 19. Rd1 Qf6 20. Qe2 Rae8 21. Kh1
Qh6 22. Rde1 Bc6 23. Qd3 Ba3 24. exf5 exf5 25. Rxe8 Rxe8 26. Qxf5 Bb4 27. Be4
Bxe4 28. Nxe4 Qe6 29. Qxe6+ Rxe6 30. a3 Bxa3 31. Re1 b5 32. g3 bxc4 33. bxc4 a5
34. Kg2 a4 35. Ra1 Rxe4 36. Rxa3 Rxc4 37. Rd3 Rc6 38. Ra3 Ra6 39. Kf3 Kf7 40.
Ke4 Ke6 41. g4 d5+ 42. Kd4 Kd6 43. f5 Ra7 44. Kd3 Ke5 45. Ke3 Ra5 46. h3 h5 47.
gxh5 Kxf5 48. Kd4 Kg5 49. Kc3 Kxh5 50. Kb4 Ra8 51. Kc5 g5 52. Kxd5 Re8 53. Rxa4
Re3 54. Ra1 Kh4 55. Rg1 Rxh3 56. Ke4 g4 57. Kf4 Rf3+ 58. Ke4 Kh3 59. Rh1+ Kg2
60. Rh8 g3 61. Ra8 Rf7 62. Ke3 Kh2 63. Rh8+ Kg1 64. Ke2 g2 65. Rh6 Re7+ 66. Kd2
Re5 67. Rh8 Kf2 0-1

[Event "International Chess Tournament Paracin 2"]
[Site "Paracin, Serbia"]
[Date "2021.07.10"]
[Round "3.17"]
[White "Sadikhov, Ulvi"]
[Black "Sylvan, Jacob"]
[Result "1/2-1/2"]
[WhiteElo "2490"]
[BlackElo "2322"]
[PlyCount "104"]
[EventDate "2021.??.??"]

1. c4 e5 2. d3 Nf6 3. Nf3 Nc6 4. a3 d5 5. cxd5 Nxd5 6. e3 a5 7. Nc3 Be7 8. Be2
O-O 9. O-O Nb6 10. b3 Be6 11. Bb2 f5 12. Qc2 Bf6 13. Rac1 Qe8 14. Rfe1 g5 15.
Nd2 g4 16. Bf1 Qg6 17. Nb5 Rf7 18. d4 e4 19. Nc4 Nd5 20. Ne5 Bxe5 21. dxe5 Rd8
22. Red1 Rfd7 23. Nd4 Nxd4 24. Rxd4 h5 25. b4 axb4 26. axb4 h4 27. Qd2 g3 28.
Rc5 Ne7 29. Rxc7 Rxd4 30. Bxd4 Nc6 31. Rxb7 Qg5 32. Qe1 gxf2+ 33. Qxf2 Nxd4 34.
exd4 e3 35. Qe2 Qf4 36. Rb6 Bf7 37. e6 Be8 38. e7 Rxd4 39. Re6 Re4 40. Rxe4
fxe4 41. Qa2+ Kg7 42. b5 Qf6 43. Qb1 Bh5 44. Qe1 Qxe7 45. Qxe3 Bg6 46. Qc3+ Kh6
47. b6 e3 48. Qc7 Qf6 49. h3 Be4 50. b7 Bxb7 51. Qxb7 Qf2+ 52. Kh2 Qf4+ 1/2-1/2

[Event "International Chess Tournament Paracin 2"]
[Site "Paracin, Serbia"]
[Date "2021.07.10"]
[Round "3.18"]
[White "Aitbayev, Aslan"]
[Black "Ohanyan, Emin"]
[Result "1/2-1/2"]
[WhiteElo "2475"]
[BlackElo "2324"]
[PlyCount "98"]
[EventDate "2021.??.??"]

1. e4 e5 2. Nf3 Nc6 3. Bb5 a6 4. Ba4 d6 5. O-O Bd7 6. c3 g6 7. d4 Bg7 8. Re1
Nge7 9. d5 Nb8 10. c4 Bxa4 11. Qxa4+ Nd7 12. Nc3 O-O 13. Be3 h6 14. Nd2 f5 15.
f3 Nf6 16. c5 fxe4 17. Ndxe4 Nf5 18. Bf2 Nxe4 19. Nxe4 dxc5 20. Bxc5 Rf7 21.
Rad1 Qd7 22. Qb3 Qb5 23. Qc2 b6 24. a4 Qd7 25. Bf2 Nd4 26. Bxd4 exd4 27. Qb3
Kh7 28. d6 cxd6 29. Qxb6 Qxa4 30. Nxd6 Rd7 31. b3 Qa3 32. Nc4 Qf8 33. Rd3 Re8
34. Red1 Rde7 35. Nd2 Re2 36. Nf1 Qf4 37. Qxa6 Qg5 38. Ng3 Rc2 39. Qd6 Qa5 40.
Ne4 Qa2 41. Qg3 Qa5 42. h4 Re6 43. Kh1 Qf5 44. Rxd4 Bxd4 45. Rxd4 Re7 46. Rd6
Rf7 47. Rd8 Qf4 48. Qxf4 Rxf4 49. Rd7+ Kg8 1/2-1/2

[Event "International Chess Tournament Paracin 2"]
[Site "Paracin, Serbia"]
[Date "2021.07.10"]
[Round "3.19"]
[White "Brankovic, Dejan"]
[Black "Prithu, Gupta"]
[Result "1/2-1/2"]
[WhiteElo "2312"]
[BlackElo "2472"]
[PlyCount "84"]
[EventDate "2021.??.??"]

1. Nf3 Nf6 2. g3 b5 3. Bg2 Bb7 4. O-O e6 5. d3 c5 6. Nbd2 Be7 7. e4 d6 8. a4 a6
9. axb5 axb5 10. Rxa8 Bxa8 11. Re1 O-O 12. e5 dxe5 13. Nxe5 Bxg2 14. Kxg2 Qc7
15. Qe2 Na6 16. Ndf3 Qb7 17. Kg1 Nb4 18. c3 Nbd5 19. Bd2 Ne8 20. c4 bxc4 21.
dxc4 Ndf6 22. Bc3 Nd6 23. Nd2 Ra8 24. h4 h5 25. Kh2 Bf8 26. g4 Nxg4+ 27. Nxg4
hxg4 28. Qxg4 Qe7 29. Nf3 Nf5 30. Ng5 Qd6+ 31. Kg1 Rd8 32. Ne4 Qd3 33. Nf6+ Kh8
34. Qh5+ Nh6 35. Ng4 Kh7 36. Nxh6 g6 37. Qe5 Bxh6 38. Qxc5 Qh3 39. Qc7 Qg4+ 40.
Kf1 Qh3+ 41. Kg1 Qg4+ 42. Kf1 Qh3+ 1/2-1/2

[Event "International Chess Tournament Paracin 2"]
[Site "Paracin, Serbia"]
[Date "2021.07.10"]
[Round "3.20"]
[White "Czerw, Dawid"]
[Black "Dudin, Gleb"]
[Result "0-1"]
[WhiteElo "2306"]
[BlackElo "2439"]
[PlyCount "108"]
[EventDate "2021.??.??"]

1. d4 Nf6 2. c4 e6 3. Nc3 Bb4 4. e3 O-O 5. Bd2 b6 6. Nf3 Bb7 7. Bd3 d5 8. cxd5
exd5 9. O-O Bd6 10. Qc2 a6 11. Ne5 c5 12. f4 Nc6 13. Ne2 Rc8 14. Qd1 b5 15. Bf5
Ra8 16. Be1 Ne7 17. Bc2 Ne4 18. dxc5 Bxc5 19. Nd4 Qd6 20. Nd3 Bxd4 21. exd4 Qb6
22. Ne5 Rfe8 23. Qd3 Bc8 24. Rd1 f6 25. Qb3 Nd6 26. Bf2 Nc4 27. Nxc4 dxc4 28.
Qf3 Bf5 29. Rde1 Bxc2 30. Rxe7 Rxe7 31. Qxa8+ Kf7 32. Qd5+ Qe6 33. Qxe6+ Rxe6
34. Re1 Be4 35. a3 f5 36. Be3 c3 37. bxc3 Rc6 38. Rc1 Ke6 39. a4 Kd5 40. axb5
axb5 41. Bd2 Kc4 42. Ra1 Kd3 43. Be1 Ke2 44. h3 Rg6 45. g3 Rc6 46. Kh2 h5 47.
h4 Rc4 48. Kg1 g6 49. Bf2 Rxc3 50. Re1+ Kf3 51. Ra1 b4 52. Be1 Rc2 53. Bxb4
Rg2+ 54. Kh1 Kg4 0-1

[Event "International Tournament "]
[Site "Pool "]
[Date "2021.07.10"]
[Round "3.21"]
[White "Aditya, Mittal"]
[Black "Dev, Shah"]
[Result "1-0"]
[WhiteElo "2438"]
[BlackElo "2270"]
[PlyCount "63"]
[EventDate "2021.07.09"]

1. d4 d5 2. c4 dxc4 3. Nf3 Nf6 4. e3 e6 5. Bxc4 c5 6. O-O a6 7. Qe2 b5 8. Bd3
cxd4 9. a4 bxa4 10. Rxa4 Be7 11. Rxd4 Qb6 12. e4 Nc6 13. Rc4 Nb4 14. Be3 Qb8
15. Rfc1 Bd7 16. Bc5 Nxd3 17. Qxd3 Bxc5 18. Rxc5 Bb5 19. Qc2 O-O 20. e5 Nd7 21.
Ng5 g6 22. Rc7 Nxe5 23. Qc3 Nd7 24. Ne4 f5 25. Ng5 Qb6 26. Qh3 h5 27. Qb3 Qd6
28. Nxe6 Rf6 29. Rc8+ Rxc8 30. Rxc8+ Kh7 31. Ng5+ Kh6 32. h4 1-0

[Event "International Tournament "]
[Site "Pool "]
[Date "2021.07.10"]
[Round "3.22"]
[White "Krasteva, Beloslava"]
[Black "Mohammad, Nubairshah Shaikh"]
[Result "1-0"]
[WhiteElo "2305"]
[BlackElo "2436"]
[PlyCount "117"]
[EventDate "2021.07.09"]

1. d4 Nf6 2. c4 g6 3. Nc3 Bg7 4. e4 d6 5. h3 O-O 6. Be3 e5 7. d5 Na6 8. Nf3 Nc5
9. Nd2 a5 10. g4 Bd7 11. Qc2 c6 12. O-O-O cxd5 13. exd5 a4 14. a3 Qa5 15. Be2
Rfc8 16. Kb1 Rab8 17. f3 Ne8 18. h4 e4 19. Ndxe4 Nxe4 20. Nxe4 b5 21. Bd2 Qa7
22. Bc3 bxc4 23. Bxg7 Kxg7 24. Qc3+ Kg8 25. Ka1 Rb3 26. Qd4 Qxd4 27. Rxd4 Re3
28. Nc3 Nc7 29. Rc1 Na6 30. Re4 Re8 31. Rxe8+ Bxe8 32. Bxc4 Nc5 33. Rf1 Kg7 34.
Kb1 h5 35. gxh5 gxh5 36. Kc2 Bd7 37. Kd2 Re8 38. Rg1+ Kf6 39. Rg5 Rb8 40. Kc1
Bf5 41. Nb5 Nb7 42. Nd4 Bg6 43. Nc6 Re8 44. Kd2 Nc5 45. Rg1 Bf5 46. Nd4 Bg6 47.
b4 axb3 48. Nxb3 Rb8 49. Nxc5 Rb2+ 50. Kc3 Rc2+ 51. Kb3 Rh2 52. Nd3 Rxh4 53. a4
Rh3 54. Rf1 h4 55. a5 Rg3 56. a6 Bxd3 57. Bxd3 Rg8 58. Bb5 Rb8 59. Kb4 1-0

[Event "International Tournament "]
[Site "Pool "]
[Date "2021.07.10"]
[Round "3.23"]
[White "Zarubitski, Viachaslau"]
[Black "Beydullayeva, Govhar"]
[Result "1/2-1/2"]
[WhiteElo "2426"]
[BlackElo "2264"]
[Annotator "Balkanchess"]
[PlyCount "42"]
[EventDate "2021.07.09"]

1. e4 c5 2. Nf3 d6 3. d4 cxd4 4. Nxd4 Nf6 5. Nc3 a6 6. g3 e5 7. Nf3 h6 8. Bg2
Be6 9. O-O Be7 10. Nh4 g6 11. Kh1 Ng4 12. f3 Bxh4 13. fxg4 Be7 14. Be3 Nd7 15.
Nd5 Rc8 16. c4 Bf8 17. b3 Bg7 18. Qf3 Bxd5 19. exd5 f6 20. h4 h5 21. Bh3 Rc7 {
...40} 1/2-1/2

[Event "International Tournament "]
[Site "Pool "]
[Date "2021.07.10"]
[Round "3.24"]
[White "Stankovic, Milos"]
[Black "Granovskiy, Alexandr"]
[Result "1-0"]
[WhiteElo "2421"]
[BlackElo "2255"]
[PlyCount "81"]
[EventDate "2021.07.09"]

1. d4 Nf6 2. Nc3 d5 3. Bf4 Bf5 4. f3 e6 5. g4 Bg6 6. Qd2 Bb4 7. a3 Ba5 8. h4 h5
9. g5 Nfd7 10. O-O-O Nb6 11. e4 Nc4 12. Bxc4 dxc4 13. d5 exd5 14. Qxd5 Qxd5 15.
Nxd5 c6 16. Ne3 b5 17. Ne2 O-O 18. Nd4 Bb6 19. Nef5 Rd8 20. Ne7+ Kh7 21. Ndf5
Na6 22. Nxc6 Rxd1+ 23. Rxd1 Bxf5 24. exf5 Nc5 25. Be5 Rc8 26. Ne7 Rd8 27. Rxd8
Bxd8 28. Nd5 Nd7 29. Bd4 a6 30. Kd2 Ba5+ 31. Ke2 Nb8 32. f4 Nc6 33. Bc5 g6 34.
f6 Nd8 35. c3 Ne6 36. Bd6 Kg8 37. Ke3 Nf8 38. Bc7 Bxc7 39. Nxc7 Nd7 40. Nxa6
Nb6 41. Nc7 1-0

[Event "International Tournament "]
[Site "Pool "]
[Date "2021.07.10"]
[Round "3.25"]
[White "Tanmay, Chopra"]
[Black "Abergel, Thal"]
[Result "1/2-1/2"]
[WhiteElo "2273"]
[BlackElo "2414"]
[PlyCount "45"]
[EventDate "2021.07.09"]

1. e4 e5 2. Nf3 d6 3. Bc4 Be7 4. d4 exd4 5. Nxd4 Nf6 6. Nc3 O-O 7. O-O c6 8. a4
Nxe4 9. Nxe4 d5 10. Bd3 dxe4 11. Bxe4 Bf6 12. c3 Nd7 13. a5 Nc5 14. Bxh7+ Kxh7
15. Qh5+ Kg8 16. Qxc5 Bxd4 17. cxd4 Be6 18. Bf4 Bd5 19. Ra3 Qf6 20. Qd6 Qxd6
21. Bxd6 Rfe8 22. Re3 Rxe3 23. fxe3 1/2-1/2

[Event "International Tournament "]
[Site "Pool "]
[Date "2021.07.10"]
[Round "3.26"]
[White "Simantsev, Mikhail"]
[Black "Ivanovic, Marko"]
[Result "1/2-1/2"]
[WhiteElo "2398"]
[BlackElo "2245"]
[PlyCount "55"]
[EventDate "2021.07.09"]

1. d4 Nf6 2. c4 e6 3. Nc3 Bb4 4. e3 O-O 5. Bd2 d5 6. Nf3 b6 7. cxd5 exd5 8. Rc1
Bb7 9. Bd3 Nbd7 10. a3 Be7 11. O-O Re8 12. b4 a6 13. Qb3 Bd6 14. a4 Ne4 15. Rc2
Ndf6 16. Bc1 Re6 17. b5 Nxc3 18. Rxc3 axb5 19. axb5 Ne4 20. Rc2 Rh6 21. h3 Qf6
22. Ne5 Bxe5 23. dxe5 Qxe5 24. Bb2 Qg5 25. Bxe4 dxe4 26. Rxc7 Bd5 27. Qc3 Be6
28. Ra1 1/2-1/2